000 00853nam a22002657a 4500
999 _c441989
_d441989
001 43514
003 UA-OsUOA
005 20200225091055.0
007 ta
008 20090908b un ||||| |||| 00| 0 ukr d
040 _aUA-OsUOA
_bukr
_cUA-OsUOA
_dUA-OsUOA
041 _aukr
080 _a82-92(Публ.)
090 _a82-92(Публ.)
_bИ99
100 _aІларіон
245 _aКирило й Мефодій: 1100-літній всеслов'янський ювілей
246 3 1 _aАпостоли всеслов'янські
260 _aВінніпег
_c1963
300 _a16 с.
650 7 _a82 Література. Літературознавство
_2UDC
942 _cBR
_2udc
955 _a4